Les souliers d'or au 21e siècle (JPL) - Statistiques

Statistiques générales
  • Ce quiz a été pris 5 fois
  • Le résultat moyen est 2 sur 26
Statistiques - réponses
Année Club Réponse % Correct
2013 SV Zulte Waregem Hazard
40%
2011 RSC Anderlecht Suárez
40%
2002 FC Bruges Simons
20%
2018 FC Bruges Vanaken
20%
2019 FC Bruges Vanaken
20%
2024 FC Bruges Vanaken
20%
2023 Royal Antwerp Alderweireld
0%
2006 RSC Anderlecht Boussoufa
0%
2010 RSC Anderlecht Boussoufa
0%
2005 Standard de Liège Conceição
0%
2007 Standard de Liège Defour
0%
2003 RSC Anderlecht Dindane
0%
2016 FC Bruges Izquierdo
0%
2025 FC Bruges Jashari
0%
2009 Standard de Liège Jovanović
0%
2000 RSC Anderlecht Koller
0%
2004 RSC Anderlecht Kompany
0%
2015 KAA La Gantoise Kums
0%
2012 RSC Anderlecht Mbokani
0%
2022 FC Bruges Mignolet
0%
2021 KRC Genk Onuachu
0%
2014 RSC Anderlecht Praet
0%
2020 Royal Antwerp Rafaelov
0%
2001 KRC Genk Sonck
0%
2017 FC Bruges Vormer
0%
2008 Standard de Liège Witsel
0%
Aucun quiz correspondant
Distribution des résultats
% des personnes avec chaque résultat
Percentile par nombre de réponses
Votre historique - résultats
Vous n’avez pas pris ce quiz